| 000 | 00791nam a2200253 a 4500 | ||
|---|---|---|---|
| 005 | 20240501063657.0 | ||
| 008 | 171017s2007 mx r 000 0 spa d | ||
| 020 | _a9780764138768 (10 dígitos) | ||
| 020 | _a0764138766 (13 dígitos) | ||
| 035 | _aUPN01000221035 | ||
| 049 | _aI | ||
| 050 | 4 |
_aQL737 L3.2 _bS4.2 |
|
| 100 | 1 |
_aSegarra, Mercé _943133 |
|
| 245 | 1 | 0 |
_aCuidemos a nuestro conejito nuevo / _cMercé Segarra, Berta García ; il Rosa M. Curto. |
| 260 |
_aNew York : _bBarron's, _c2007. |
||
| 300 |
_a35 p. : _bil. col. |
||
| 440 | 0 | _aCuidar y proteger | |
| 534 |
_pTítulo original: _tUn conejo en casa |
||
| 650 | 4 |
_aCONEJOS _927736 |
|
| 650 | 4 |
_aMascotas _vLiteratura infantil _921679 |
|
| 700 | 1 |
_aGarcía, Berta, _ecoaut. |
|
| 905 | _aInfantil | ||
| 999 |
_c193134 _d193134 |
||